[Event "ENCI Limburg-open C"]
[Site "Maastricht"]
[Date "2010.05.24"]
[Round "6"]
[White "Keetman, Stef"]
[Black "Majhi, Ankit"]
[Result "1/2-1/2"]
[WhiteElo "1431"]
[BlackElo "1657"]
[PlyCount "137"]
[EventDate "2010.05.21"]
[EventType "swiss"]
[EventRounds "7"]
[EventCountry "NED"]
[Source "P.Boonen"]
[SourceDate "2010.10.01"]

1. e4 e5 2. Nf3 Nc6 3. d4 exd4 4. Nxd4 Bc5 5. Be3 Qf6 6. c3 Nge7 7. g3 d6 8.
Bg2 Ne5 9. O-O O-O 10. Nb5 Bg4 11. Qc2 Bxe3 12. fxe3 Qh6 13. Qf2 Bd7 14. Qe2
Bxb5 15. Qxb5 Qxe3+ 16. Kh1 Ng4 17. Bf3 Ne5 18. Qe2 Qxe2 19. Bxe2 f5 20. Nd2
Rf6 21. exf5 Rxf5 22. Nf3 Nxf3 23. Rxf3 Rxf3 24. Bxf3 Rf8 25. Kg2 b6 26. Re1
Rf7 27. Bd1 Kf8 28. Re3 Rf5 29. Bc2 Re5 30. Rxe5 dxe5 31. Kf3 Kf7 32. Ke4 Kf6
33. Bd1 c6 34. Be2 Nf5 35. Bf3 Nd6+ 36. Kd3 c5 37. Bd5 Kf5 38. h3 h6 39. Ke3 e4
40. c4 Ke5 41. g4 b5 42. b3 b4 43. Ba8 a5 44. Bd5 g6 45. Bc6 h5 46. Bd5 h4 47.
Bc6 g5 48. Bd5 Ne8 49. Bxe4 Nc7 50. Bf5 Na8 51. Be4 Nb6 52. Bf5 a4 53. Be4 Nd7
54. Bc6 axb3 55. axb3 Nf8 56. Bd5 Ng6 57. Bg2 Nf4 58. Bf1 Ne6 59. Be2 Nd4 60.
Bd1 Kf6 61. Ke4 Ke6 62. Kd3 Ke5 63. Ke3 Nc6 64. Be2 Na5 65. Bd1 Nb7 66. Bf3 Na5
67. Bd1 Nc6 68. Bf3 Nb8 69. Bd1 1/2-1/2

[Event "ENCI Limburg-open C"]
[Site "Maastricht"]
[Date "2010.05.24"]
[Round "6"]
[White "Mathee, Jochen"]
[Black "Huebben, Dominik"]
[Result "1/2-1/2"]
[WhiteElo "1611"]
[BlackElo "1746"]
[PlyCount "117"]
[EventDate "2010.05.21"]
[EventType "swiss"]
[EventRounds "7"]
[EventCountry "NED"]
[Source "P.Boonen"]
[SourceDate "2010.10.01"]

1. d4 e5 2. dxe5 Nc6 3. Nf3 Qe7 4. e4 Nxe5 5. Be2 Nf6 6. Nc3 d6 7. Bg5 Be6 8.
Nxe5 dxe5 9. O-O c6 10. Qd2 Qc7 11. a3 Be7 12. Rad1 O-O 13. h3 b5 14. Bd3 Bc5
15. Bxf6 gxf6 16. b4 Be7 17. Qh6 Kh8 18. Ne2 Rg8 19. Ng3 Rg6 20. Qh5 Rag8 21.
Kh2 a5 22. c3 c5 23. Rg1 cxb4 24. cxb4 axb4 25. axb4 Bxb4 26. Bxb5 Qb6 27. Qe2
Bc5 28. Rdf1 Bxf2 29. Rxf2 Rxg3 30. Rgf1 Re3 31. Qb2 Reg3 32. Qe2 Qc5 33. Bd3
Qa3 34. Rd1 Qf8 35. Qf1 Qh6 36. Be2 R8g6 37. Bd3 Qh4 38. Rdd2 Rh6 39. Rf3 Rxf3
40. Qxf3 Rg6 41. Qf2 Qxf2 42. Rxf2 Kg7 43. Be2 Kf8 44. g4 Ke7 45. Kg3 Rg8 46.
Kh4 Rg5 47. Rf1 Rg6 48. Rb1 Kd6 49. Rc1 Bd7 50. Rd1+ Ke7 51. Bc4 Be6 52. Bb5
Rg8 53. Kh5 Rg6 54. Ra1 Bb3 55. Rc1 Be6 56. Rd1 Bb3 57. Rc1 Be6 58. Ra1 Kd6 59.
Rd1+ 1/2-1/2

[Event "ENCI Limburg-open C"]
[Site "Maastricht"]
[Date "2010.05.24"]
[Round "6"]
[White "Mollema, Henk"]
[Black "Gundogmus, Alaettin"]
[Result "1-0"]
[WhiteElo "1279"]
[BlackElo "1558"]
[PlyCount "51"]
[EventDate "2010.05.21"]
[EventType "swiss"]
[EventRounds "7"]
[EventCountry "NED"]
[Source "P.Boonen"]
[SourceDate "2010.10.01"]

1. e4 e5 2. Nf3 Nc6 3. Bc4 Nf6 4. d4 exd4 5. Ng5 d5 6. exd5 Nxd5 7. O-O Be6 8.
Re1 Be7 9. Nxe6 fxe6 10. Rxe6 Nf6 11. Bg5 Na5 12. Bxf6 Nxc4 13. Rxe7+ Qxe7 14.
Bxe7 Kxe7 15. Qe2+ Kd7 16. Qxc4 Rad8 17. Nd2 Kc8 18. Nb3 d3 19. cxd3 Rhe8 20.
Rc1 Re7 21. Qc5 Rde8 22. Kf1 Kb8 23. Qb4 c6 24. Na5 Rc7 25. Rxc6 Rec8 26. Rxc7
1-0

[Event "ENCI Limburg-open C"]
[Site "Maastricht"]
[Date "2010.05.24"]
[Round "6"]
[White "Mueller, Elias"]
[Black "Elisen, Peter"]
[Result "0-1"]
[WhiteElo "1229"]
[BlackElo "1589"]
[PlyCount "40"]
[EventDate "2010.05.21"]
[EventType "swiss"]
[EventRounds "7"]
[EventCountry "NED"]
[Source "P.Boonen"]
[SourceDate "2010.10.01"]

1. d4 Nf6 2. c4 e5 3. Nc3 Bb4 4. Bg5 Nc6 5. dxe5 Nxe5 6. Qd4 Qe7 7. Bxf6 Qxf6
8. e3 c5 9. Qd1 O-O 10. Bd3 Ng4 11. Qc2 Nxf2 12. Qxf2 Bxc3+ 13. Kf1 Qxf2+ 14.
Kxf2 Bxb2 15. Rb1 Bf6 16. Ne2 b6 17. Be4 Rb8 18. Nf4 Re8 19. Bc2 Bb7 20. Rbd1
Rbd8 0-1

[Event "ENCI Limburg-open C"]
[Site "Maastricht"]
[Date "2010.05.24"]
[Round "6"]
[White "Overtoom, Reinier"]
[Black "Tuerlinckx, Ben"]
[Result "0-1"]
[WhiteElo "1674"]
[BlackElo "1692"]
[PlyCount "40"]
[EventDate "2010.05.21"]
[EventType "swiss"]
[EventRounds "7"]
[EventCountry "NED"]
[Source "P.Boonen"]
[SourceDate "2010.10.01"]

1. Nc3 c5 2. Nf3 Nc6 3. d4 cxd4 4. Nxd4 g6 5. Bf4 Bg7 6. Ndb5 d6 7. Nd5 Bxb2 8.
Rb1 Bg7 9. Nbc7+ Kf8 10. Nxa8 Qa5+ 11. Qd2 Qxa2 12. Rd1 Nd4 13. Rc1 Bf5 14. Ne3
Qb2 15. Kd1 Nb5 16. Nxf5 Nc3+ 17. Ke1 Ne4 18. Qe3 gxf5 19. Bg3 Bd4 20. Qxd4
Qxd4 0-1

[Event "ENCI Limburg-open C"]
[Site "Maastricht"]
[Date "2010.05.24"]
[Round "6"]
[White "Rahangmetan, Derek Jan"]
[Black "Dubbeldam, Mathijs"]
[Result "1-0"]
[WhiteElo "1561"]
[BlackElo "1002"]
[PlyCount "41"]
[EventDate "2010.05.21"]
[EventType "swiss"]
[EventRounds "7"]
[EventCountry "NED"]
[Source "P.Boonen"]
[SourceDate "2010.10.01"]

1. e4 e6 2. e5 b6 3. d4 Bb7 4. Nf3 f6 5. Bf4 Nc6 6. c3 fxe5 7. dxe5 Bc5 8. a3
a5 9. Bd3 Nge7 10. Nh4 d6 11. exd6 cxd6 12. Qg4 O-O 13. O-O Kh8 14. Bg5 Ne5 15.
Qh3 Nxd3 16. Bxe7 Nxf2 17. Ng6+ Kg8 18. Qxe6+ Rf7 19. Bxd8 Ne4+ 20. Kh1 Ng5 21.
Qe8+ 1-0

[Event "ENCI Limburg-open C"]
[Site "Maastricht"]
[Date "2010.05.24"]
[Round "6"]
[White "Reyskens, Jules"]
[Black "Maessen, Roy"]
[Result "0-1"]
[WhiteElo "1631"]
[BlackElo "1703"]
[PlyCount "32"]
[EventDate "2010.05.21"]
[EventType "swiss"]
[EventRounds "7"]
[EventCountry "NED"]
[Source "P.Boonen"]
[SourceDate "2010.10.01"]

1. e4 d5 2. exd5 Nf6 3. d4 Nxd5 4. Nf3 g6 5. Bc4 c6 6. O-O Bg7 7. Nc3 Be6 8.
Nxd5 Bxd5 9. Bxd5 Qxd5 10. c3 O-O 11. Re1 Re8 12. Bf4 Nd7 13. Qc2 e5 14. dxe5
Nxe5 15. Nxe5 Bxe5 16. Rad1 Bxf4 0-1

[Event "ENCI Limburg-open C"]
[Site "Maastricht"]
[Date "2010.05.24"]
[Round "6"]
[White "Schoffelen, Jan"]
[Black "Beukema, Jasper"]
[Result "0-1"]
[WhiteElo "1367"]
[BlackElo "1098"]
[PlyCount "102"]
[EventDate "2010.05.21"]
[EventType "swiss"]
[EventRounds "7"]
[EventCountry "NED"]
[Source "P.Boonen"]
[SourceDate "2010.10.01"]

1. d4 d5 2. Nf3 Bf5 3. Bf4 e6 4. a3 c5 5. c3 Nc6 6. e3 Nf6 7. Bd3 Bxd3 8. Qxd3
c4 9. Qc2 Bd6 10. Bg5 h6 11. Bxf6 Qxf6 12. O-O O-O 13. Nbd2 b5 14. e4 Qg6 15.
Rac1 Bf4 16. exd5 Qxc2 17. Rxc2 exd5 18. Re1 Rfe8 19. Rxe8+ Rxe8 20. Kf1 f6 21.
g3 Bxd2 22. Rxd2 Kf7 23. Re2 Rxe2 24. Kxe2 g5 25. g4 Ke6 26. h4 Na5 27. Ke3 Nb3
28. hxg5 hxg5 29. Ne1 Nc1 30. f4 Kf7 31. f5 Ke7 32. Kd2 Nb3+ 33. Kc2 Kd6 34.
Ng2 Na5 35. Ne3 Nc6 36. Kd2 Ne7 37. Kc2 a5 38. b3 Nc6 39. Nf1 cxb3+ 40. Kxb3
a4+ 41. Kc2 Na5 42. Nd2 Kc6 43. Kb2 Nc4+ 44. Nxc4 dxc4 45. Kc2 Kd5 46. Kd2 Ke4
47. Ke2 Kf4 48. Kf2 Kxg4 49. Ke3 Kxf5 50. Kf3 Ke6 51. Kg4 Kd5 0-1

[Event "ENCI Limburg-open C"]
[Site "Maastricht"]
[Date "2010.05.24"]
[Round "6"]
[White "Senden, Sjef"]
[Black "Lennartz, Ludwig"]
[Result "0-1"]
[WhiteElo "1710"]
[BlackElo "1614"]
[PlyCount "76"]
[EventDate "2010.05.21"]
[EventType "swiss"]
[EventRounds "7"]
[EventCountry "NED"]
[Source "P.Boonen"]
[SourceDate "2010.10.01"]

1. d4 Nf6 2. c4 g6 3. Nc3 Bg7 4. e4 d6 5. Nf3 O-O 6. Be2 e5 7. d5 Nbd7 8. O-O
Nb6 9. Bg5 h6 10. Bxf6 Bxf6 11. b4 a5 12. a3 Be7 13. Qd2 Kh7 14. c5 Nd7 15.
cxd6 cxd6 16. Rfc1 f5 17. Bd3 f4 18. Nb5 Nf6 19. Nc7 Rb8 20. bxa5 g5 21. a6
bxa6 22. Rc6 Bd7 23. Ne6 Bxe6 24. dxe6 Kg8 25. Rac1 d5 26. Nxe5 dxe4 27. Nf7
Qxd3 28. Qxd3 exd3 29. Nxh6+ Kh7 30. Nf5 Bxa3 31. Rd1 Rfc8 32. Rxa6 Rc1 33.
Ra7+ Kh8 34. Rxc1 Bxc1 35. Nh6 Ba3 36. Nf7+ Kg8 37. Nh6+ Kf8 38. h3 d2 0-1

[Event "ENCI Limburg-open C"]
[Site "Maastricht"]
[Date "2010.05.24"]
[Round "6"]
[White "Snoeks, Marnicq"]
[Black "Geene, Joris"]
[Result "0-1"]
[WhiteElo "1286"]
[BlackElo "1600"]
[PlyCount "132"]
[EventDate "2010.05.21"]
[EventType "swiss"]
[EventRounds "7"]
[EventCountry "NED"]
[Source "P.Boonen"]
[SourceDate "2010.10.01"]

1. e4 e5 2. Bc4 Nf6 3. Nc3 Nc6 4. Nf3 Bb4 5. d3 O-O 6. O-O d6 7. Nd5 Nxd5 8.
exd5 Na5 9. Bb3 Nxb3 10. axb3 Bg4 11. c3 Bc5 12. Be3 Bb6 13. Kh1 Qf6 14. Rg1
Qf5 15. d4 e4 16. Nh4 Bxd1 17. Nxf5 Bxb3 18. f3 Rfe8 19. Bd2 Bxd5 20. Ne3 Bc6
21. Raf1 d5 22. fxe4 dxe4 23. Rf4 Bd7 24. Rgf1 f6 25. g4 Rf8 26. Nd5 Kh8 27. g5
f5 28. g6 Be6 29. Ne3 h6 30. Nxf5 Bxf5 31. Rxf5 Rxf5 32. Rxf5 Re8 33. Kg2 Kg8
34. Kf2 Rf8 35. Rxf8+ Kxf8 36. Ke3 Ke7 37. Kxe4 Kf6 38. d5 Kxg6 39. Ke5 Bc5 40.
Ke6 Bd6 41. c4 b6 42. h4 Kh5 43. Be1 g5 44. hxg5 hxg5 45. Kf5 g4 46. Ke4 g3 47.
Kf3 Kh4 48. Bxg3+ Bxg3 49. b4 a5 50. bxa5 bxa5 51. Ke3 Kg4 52. c5 Kf5 53. Kd4
Bf2+ 54. Kc4 Ke5 55. d6 cxd6 56. cxd6 Kxd6 57. Kb5 Be1 58. Ka4 Kc5 59. Ka3 Kc4
60. Ka2 Bb4 61. Kb2 a4 62. Ka2 a3 63. Kb1 Kb3 64. Ka1 Bc3+ 65. Kb1 a2+ 66. Kc1
a1=Q# 0-1

[Event "ENCI Limburg-open C"]
[Site "Maastricht"]
[Date "2010.05.24"]
[Round "6"]
[White "Sterck, Arno"]
[Black "Van Meegen, Judith"]
[Result "1/2-1/2"]
[WhiteElo "1367"]
[BlackElo "1254"]
[PlyCount "37"]
[EventDate "2010.05.21"]
[EventType "swiss"]
[EventRounds "7"]
[EventCountry "NED"]
[Source "P.Boonen"]
[SourceDate "2010.10.01"]

1. e4 e5 2. Nf3 Nc6 3. d4 exd4 4. Nxd4 Nf6 5. Nxc6 bxc6 6. e5 Nd5 7. c4 Nb6 8.
Nc3 Bb4 9. Bd2 O-O 10. a3 Bc5 11. Ne4 Bd4 12. Bg5 f6 13. exf6 Bxf6 14. Nxf6+
gxf6 15. Bh6 Re8+ 16. Kd2 d5 17. c5 Nc4+ 18. Bxc4 dxc4+ 19. Kc2 1/2-1/2

[Event "ENCI Limburg-open C"]
[Site "Maastricht"]
[Date "2010.05.24"]
[Round "6"]
[White "Strolenberg, Lars"]
[Black "Beissel, Daniel"]
[Result "1-0"]
[WhiteElo "1659"]
[BlackElo "1542"]
[PlyCount "97"]
[EventDate "2010.05.21"]
[EventType "swiss"]
[EventRounds "7"]
[EventCountry "NED"]
[Source "P.Boonen"]
[SourceDate "2010.10.01"]

1. e4 c5 2. Nc3 Nc6 3. g3 g6 4. Bg2 Bg7 5. d3 d6 6. Nge2 Bd7 7. O-O Nf6 8. Bd2
O-O 9. Qc1 Rb8 10. Bh6 b5 11. Bxg7 Kxg7 12. f4 e6 13. a3 a5 14. Qd2 b4 15. axb4
axb4 16. Nd1 Qc7 17. Ne3 Ra8 18. Kh1 Rfb8 19. b3 Ne8 20. Ng1 Nd4 21. Nf3 Nxf3
22. Bxf3 Bc6 23. Qg2 Rxa1 24. Rxa1 Ra8 25. Rxa8 Bxa8 26. h4 Qa7 27. Kh2 Qa1 28.
Nc4 Qd4 29. Qg1 Qxg1+ 30. Kxg1 Kf8 31. Kf2 Ke7 32. g4 Nc7 33. e5 d5 34. Nd6 Ne8
35. Nxe8 Kxe8 36. Kg3 Ke7 37. h5 Bc6 38. Kh4 Kf8 39. Kg5 Kg7 40. h6+ Kf8 41.
Kf6 Bd7 42. f5 gxf5 43. gxf5 Bc8 44. Bh5 exf5 45. Bxf7 f4 46. e6 Bxe6 47. Bxe6
f3 48. Bxd5 f2 49. Bg2 1-0

[Event "ENCI Limburg-open C"]
[Site "Maastricht"]
[Date "2010.05.24"]
[Round "6"]
[White "Van Eijk, Liedewij"]
[Black "Weerts, Rene"]
[Result "0-1"]
[WhiteElo "1281"]
[BlackElo "1672"]
[PlyCount "102"]
[EventDate "2010.05.21"]
[EventType "swiss"]
[EventRounds "7"]
[EventCountry "NED"]
[Source "P.Boonen"]
[SourceDate "2010.10.01"]

1. e4 g6 2. Nc3 d6 3. g3 Bg7 4. Bg2 c6 5. Nge2 e5 6. O-O Be6 7. d3 Nd7 8. f4 f6
9. Rb1 Ne7 10. fxe5 Qb6+ 11. Kh1 Nxe5 12. d4 Nf7 13. Nf4 Bd7 14. Qe2 Qxd4 15.
Be3 Qe5 16. Nd3 Qa5 17. b4 Qc7 18. Nf4 O-O 19. Qc4 b5 20. Nxb5 Qb8 21. Nd4 Qc8
22. Nfe6 Ne5 23. Qb3 Rf7 24. Nxg7 Kxg7 25. Bf4 Rb8 26. Bxe5 dxe5 27. Nf3 c5 28.
Nxe5 Be6 29. Nc4 Rxb4 30. Nd6 Qd7 31. Qd3 Rd4 32. Nxf7 Rxd3 33. cxd3 Bxf7 34.
e5 fxe5 35. Rb7 Qd6 36. Rxa7 Bd5 37. Rxe7+ Qxe7 38. Bxd5 Qd6 39. Be4 c4 40.
dxc4 Qd4 41. Bd5 e4 42. g4 g5 43. a4 e3 44. Rf7+ Kg6 45. Rd7 Qd1+ 46. Kg2 Qxg4+
47. Kf1 Qxd7 48. a5 Qa7 49. Ke2 Qd4 50. a6 Qd2+ 51. Kf3 e2 0-1

[Event "ENCI Limburg-open C"]
[Site "Maastricht"]
[Date "2010.05.24"]
[Round "6"]
[White "Van Ginneken, Maikel"]
[Black "Parren, Ashley"]
[Result "1-0"]
[WhiteElo "1331"]
[BlackElo "1250"]
[PlyCount "73"]
[EventDate "2010.05.21"]
[EventType "swiss"]
[EventRounds "7"]
[EventCountry "NED"]
[Source "P.Boonen"]
[SourceDate "2010.10.01"]

1. d4 d5 2. c4 c6 3. Nf3 Nf6 4. Nc3 Bf5 5. Bf4 e6 6. e3 Bd6 7. Qb3 b6 8. Bxd6
Qxd6 9. c5 Qc7 10. Be2 Nbd7 11. Na4 O-O 12. Nh4 Bg6 13. Nxg6 fxg6 14. O-O Rab8
15. Qc2 e5 16. b4 exd4 17. exd4 bxc5 18. bxc5 Nh5 19. Nc3 Nf4 20. Bg4 Nf6 21.
Bf3 Rfe8 22. Rfe1 Ne6 23. Nxd5 Nxd5 24. Qc4 Qd7 25. Bxd5 cxd5 26. c6 dxc4 27.
cxd7 Red8 28. Rxe6 Rxd7 29. g3 Rxd4 30. Re7 a5 31. Ra7 Rd5 32. Re1 c3 33. Rc7
Rd3 34. Ree7 Ra8 35. Rxg7+ Kf8 36. Rxh7 a4 37. Rh8# 1-0

[Event "ENCI Limburg-open C"]
[Site "Maastricht"]
[Date "2010.05.24"]
[Round "6"]
[White "Van Velthoven, Paul"]
[Black "Daemen, Jules"]
[Result "0-1"]
[WhiteElo "1416"]
[BlackElo "1634"]
[PlyCount "88"]
[EventDate "2010.05.21"]
[EventType "swiss"]
[EventRounds "7"]
[EventCountry "NED"]
[Source "P.Boonen"]
[SourceDate "2010.10.01"]

1. e4 d5 2. exd5 Nf6 3. Nc3 Nxd5 4. Bc4 e6 5. Qf3 c6 6. Nge2 Bd6 7. d3 Nd7 8.
Ne4 Ne5 9. Nxd6+ Qxd6 10. Qg3 O-O 11. Bh6 Nxd3+ 12. Qxd3 gxh6 13. O-O-O Qe7 14.
h4 Bd7 15. g4 b5 16. Bxd5 cxd5 17. g5 h5 18. Nf4 f5 19. gxf6 Qxf6 20. Rdg1+ Kh8
21. Kb1 Qxf4 22. Rg5 Qe4 23. Qc3+ d4 24. Re1 dxc3 25. Rxe4 cxb2 26. Rd4 Be8 27.
Re4 Bg6 28. Rxe6 Rxf2 29. Rc6 Rf5 30. Rxf5 Bxf5 31. Rc5 Bd7 32. Rxh5 a6 33. Rg5
Rg8 34. Rd5 Bg4 35. Kxb2 Rg6 36. Ka3 Rc6 37. Kb2 Kg7 38. Rg5+ Rg6 39. Rc5 h5
40. c4 bxc4 41. Rxc4 Kf6 42. a4 Kf5 43. Kc3 Re6 44. Rc5+ Kf4 0-1

[Event "ENCI Limburg-open C"]
[Site "Maastricht"]
[Date "2010.05.24"]
[Round "6"]
[White "Van den Bosch, Arno"]
[Black "Katoen, Tom"]
[Result "0-1"]
[WhiteElo "1336"]
[BlackElo "1235"]
[PlyCount "102"]
[EventDate "2010.05.21"]
[EventType "swiss"]
[EventRounds "7"]
[EventCountry "NED"]
[Source "P.Boonen"]
[SourceDate "2010.10.01"]

1. e4 c5 2. Nf3 d6 3. c3 Nc6 4. d4 cxd4 5. cxd4 Bg4 6. Be3 Nf6 7. Nc3 g6 8. Be2
Bg7 9. d5 Bxf3 10. gxf3 Ne5 11. f4 Ned7 12. Rg1 O-O 13. f5 Qa5 14. Qd2 Nc5 15.
h4 Na4 16. b4 Qxb4 17. Rb1 Qxc3 18. Qxc3 Nxc3 19. Rxb7 Nxe2 20. Kxe2 Rfe8 21.
Rc1 Kf8 22. Rcc7 Nxe4 23. fxg6 fxg6 24. a3 Nc3+ 25. Kd3 Nxd5 26. Rd7 Nxe3 27.
fxe3 Bf6 28. a4 Bxh4 29. a5 a6 30. Ra7 Rxa7 31. Rxa7 Be1 32. Rxa6 Rb8 33. Ra7
h5 34. a6 h4 35. Rb7 Ra8 36. a7 Kf7 37. Kc4 h3 38. Kb5 h2 39. Ka6 Rxa7+ 40.
Kxa7 h1=Q 41. Rb1 g5 42. Rd1 Qf1 43. Kb6 Ba5+ 44. Kxa5 Qxd1 45. Ka6 g4 46. e4
g3 47. e5 g2 48. e6+ Kxe6 49. Kb7 Kd7 50. Ka8 Kc7 51. Ka7 Qa4# 0-1

[Event "ENCI Limburg-open C"]
[Site "Maastricht"]
[Date "2010.05.24"]
[Round "6"]
[White "Van der Wouw, Paul"]
[Black "Gerlagh, Joris"]
[Result "0-1"]
[WhiteElo "1606"]
[BlackElo "1654"]
[PlyCount "56"]
[EventDate "2010.05.21"]
[EventType "swiss"]
[EventRounds "7"]
[EventCountry "NED"]
[Source "P.Boonen"]
[SourceDate "2010.10.01"]

1. Nc3 d5 2. e4 d4 3. Nce2 e5 4. Ng3 Nf6 5. Bc4 Nc6 6. d3 Bb4+ 7. Ke2 Bg4+ 8.
f3 Bd7 9. f4 Bd6 10. f5 Na5 11. Bb3 Nxb3 12. axb3 c5 13. Nf3 b5 14. Bd2 Qc8 15.
Rf1 c4 16. bxc4 bxc4 17. dxc4 Qxc4+ 18. Kf2 d3 19. c3 Nxe4+ 20. Nxe4 Qxe4 21.
Kg1 O-O 22. Ng5 Qb7 23. Rf3 Bc6 24. Rh3 Bc5+ 25. Be3 Bxe3+ 26. Rxe3 h6 27. Qh5
Qb6 28. Kf2 Qxb2+ 0-1

[Event "ENCI Limburg-open C"]
[Site "Maastricht"]
[Date "2010.05.24"]
[Round "6"]
[White "Veelenturf, Wim"]
[Black "Arns, Danny"]
[Result "0-1"]
[WhiteElo "1719"]
[BlackElo "1615"]
[PlyCount "74"]
[EventDate "2010.05.21"]
[EventType "swiss"]
[EventRounds "7"]
[EventCountry "NED"]
[Source "P.Boonen"]
[SourceDate "2010.10.01"]

1. Nf3 d5 2. d4 Nf6 3. Bg5 Bf5 4. c4 c6 5. e3 Nbd7 6. Nc3 Ne4 7. Nxe4 Bxe4 8.
Nd2 Bg6 9. c5 f6 10. Bh4 e5 11. Be2 Be7 12. O-O O-O 13. Nb3 f5 14. Bxe7 Qxe7
15. Rc1 Rf6 16. dxe5 Nxe5 17. Qd4 Bf7 18. f4 Nd7 19. Rf2 Re6 20. Rc3 Re8 21.
Rf3 Bh5 22. Rf2 Bxe2 23. Rxe2 Re4 24. Qd2 Rxf4 25. g3 Re4 26. Kf2 Ne5 27. h3
Qg5 28. Nd4 Nc4 29. Qc1 Qe7 30. b3 Ne5 31. Qd2 Qg5 32. Kg2 h5 33. Qe1 h4 34.
Qf2 Ng6 35. Nf3 Qxg3+ 36. Qxg3 hxg3 37. Kxg3 d4 0-1

[Event "ENCI Limburg-open C"]
[Site "Maastricht"]
[Date "2010.05.24"]
[Round "6"]
[White "Vincent, Gwijde"]
[Black "Godding, Mick"]
[Result "1/2-1/2"]
[WhiteElo "1701"]
[BlackElo "1516"]
[PlyCount "86"]
[EventDate "2010.05.21"]
[EventType "swiss"]
[EventRounds "7"]
[EventCountry "NED"]
[Source "P.Boonen"]
[SourceDate "2010.10.01"]

1. e4 d5 2. exd5 Nf6 3. d4 Nxd5 4. Nf3 Bg4 5. Bc4 e6 6. O-O Nc6 7. Re1 Nb6 8.
Bb5 a6 9. Bxc6+ bxc6 10. Nc3 c5 11. d5 Bd6 12. h3 Bh5 13. dxe6 O-O 14. Bg5 f6
15. Bh4 c6 16. Ne4 Be7 17. Qxd8 Raxd8 18. Ne5 Rc8 19. Nd7 Nxd7 20. exd7 Rcd8
21. g4 Bg6 22. Rad1 Bxe4 23. Rxe4 Rf7 24. Bg3 Bf8 25. Re8 Rdxd7 26. Rxd7 Rxd7
27. Kg2 Kf7 28. Rc8 Rd2 29. Rxc6 Rxc2 30. Rxa6 Rxb2 31. Ra7+ Kg6 32. Bf4 c4 33.
h4 h6 34. a4 c3 35. Rc7 Rb4 36. Kg3 Rxa4 37. Rxc3 Ra3 38. Rxa3 Bxa3 39. Be3 h5
40. g5 f5 41. Kf3 Kf7 42. Bd4 g6 43. Kf4 Ke6 1/2-1/2

[Event "ENCI Limburg-open C"]
[Site "Maastricht"]
[Date "2010.05.24"]
[Round "6"]
[White "Visse, Bernard"]
[Black "Beaumont, Thierry"]
[Result "1-0"]
[WhiteElo "1641"]
[BlackElo "1147"]
[PlyCount "51"]
[EventDate "2010.05.21"]
[EventType "swiss"]
[EventRounds "7"]
[EventCountry "NED"]
[Source "P.Boonen"]
[SourceDate "2010.10.01"]

1. d4 d5 2. Bf4 Nc6 3. e3 Bf5 4. c3 e6 5. Nd2 Bd6 6. Bg3 Bxg3 7. hxg3 Nf6 8. f3
O-O 9. g4 Bg6 10. Nh3 h6 11. f4 Qd6 12. Nf2 Nd7 13. Nf3 f5 14. Ne5 Ndxe5 15.
fxe5 Qe7 16. Qd2 fxg4 17. Nxg4 Rf7 18. O-O-O Raf8 19. Bd3 Bxd3 20. Qxd3 Qg5 21.
Qe2 Rf5 22. Nf6+ gxf6 23. g4 fxe5 24. gxf5 Qxf5 25. Rdf1 Qe4 26. Rhg1+ 1-0

[Event "ENCI Limburg-open C"]
[Site "Maastricht"]
[Date "2010.05.24"]
[Round "6"]
[White "Yue, Tim"]
[Black "Senders, Mischa"]
[Result "1/2-1/2"]
[WhiteElo "1733"]
[BlackElo "1613"]
[PlyCount "63"]
[EventDate "2010.05.21"]
[EventType "swiss"]
[EventRounds "7"]
[EventCountry "NED"]
[Source "P.Boonen"]
[SourceDate "2010.10.01"]

1. e4 e6 2. d4 d5 3. exd5 exd5 4. Bd3 Nf6 5. Bf4 Be7 6. Nf3 Bg4 7. Nbd2 Nbd7 8.
c3 Nh5 9. Bg3 Nxg3 10. fxg3 Bd6 11. O-O O-O 12. Qc2 g6 13. Rae1 c6 14. c4 dxc4
15. Bxc4 Nb6 16. Ng5 Qxg5 17. Ne4 Bf5 18. Bxf7+ Kh8 19. Nxg5 Bxc2 20. Rf6 Bb4
21. Re2 Bf5 22. a3 Nd7 23. Rxf5 gxf5 24. axb4 h6 25. Re7 hxg5 26. Rxd7 Kg7 27.
Bc4+ Kf6 28. Rxb7 Rfd8 29. Rc7 Rac8 30. Rxa7 Rxd4 31. b3 Rb8 32. Ra6 1/2-1/2

[Event "ENCI Limburg-open C"]
[Site "Maastricht"]
[Date "2010.05.24"]
[Round "7"]
[White "Arns, Danny"]
[Black "Boontje, Willem"]
[Result "1/2-1/2"]
[WhiteElo "1615"]
[BlackElo "1689"]
[PlyCount "113"]
[EventDate "2010.05.21"]
[EventType "swiss"]
[EventRounds "7"]
[EventCountry "NED"]
[Source "P.Boonen"]
[SourceDate "2010.10.01"]

1. e4 e6 2. Nf3 d5 3. exd5 exd5 4. d4 Bg4 5. Be2 Nc6 6. c3 Bd6 7. Bg5 f6 8. Bh4
Qd7 9. Nbd2 O-O-O 10. O-O Re8 11. Bb5 Nge7 12. Re1 a6 13. Bd3 g5 14. Bg3 Bxg3
15. fxg3 h5 16. b4 h4 17. b5 axb5 18. Bxb5 hxg3 19. hxg3 Qd6 20. Bxc6 Qxc6 21.
Qb3 Qd6 22. Kf2 Nf5 23. Nf1 Ne7 24. Re2 Bf5 25. Rae1 Be4 26. N3d2 f5 27. Qb4
Qxb4 28. cxb4 Nc6 29. Nxe4 Rxe4 30. Rxe4 dxe4 31. a3 Nxd4 32. Rd1 Rd8 33. Rc1
Rd5 34. Ne3 Rb5 35. Rc4 Nc6 36. Nc2 Kd7 37. a4 Rd5 38. Ne3 Rd2+ 39. Ke1 Ra2 40.
b5 Ne7 41. Rd4+ Ke6 42. g4 Ke5 43. Rd7 Kf4 44. Nxf5 Nxf5 45. gxf5 Kxf5 46. Rxc7
b6 47. Rc6 Rxa4 48. Rxb6 Ra2 49. Rb8 Rxg2 50. b6 Rb2 51. b7 Kg4 52. Kf1 Kg3 53.
Ke1 e3 54. Rg8 Rxb7 55. Rxg5+ Kf4 56. Rg8 Rf7 57. Ke2 1/2-1/2

[Event "ENCI Limburg-open C"]
[Site "Maastricht"]
[Date "2010.05.24"]
[Round "7"]
[White "Baekelant, Viktor"]
[Black "Chotoe, Henry"]
[Result "0-1"]
[WhiteElo "1047"]
[BlackElo "1298"]
[PlyCount "38"]
[EventDate "2010.05.21"]
[EventType "swiss"]
[EventRounds "7"]
[EventCountry "NED"]
[Source "P.Boonen"]
[SourceDate "2010.10.01"]

1. e4 d6 2. d4 Nf6 3. Nc3 Nbd7 4. Nf3 e5 5. dxe5 dxe5 6. Bg5 Be7 7. Bb5 c6 8.
Bc4 O-O 9. O-O Qc7 10. Qe2 b5 11. Bb3 Nc5 12. Rfd1 Bg4 13. h3 Bxf3 14. Qxf3 b4
15. Bxf6 Bxf6 16. Ne2 Nxb3 17. axb3 Rad8 18. Rxd8 Rxd8 19. Rxa7 Qxa7 0-1

[Event "ENCI Limburg-open C"]
[Site "Maastricht"]
[Date "2010.05.24"]
[Round "7"]
[White "Beukema, Jasper"]
[Black "Sterck, Arno"]
[Result "1-0"]
[WhiteElo "1098"]
[BlackElo "1367"]
[PlyCount "35"]
[EventDate "2010.05.21"]
[EventType "swiss"]
[EventRounds "7"]
[EventCountry "NED"]
[Source "P.Boonen"]
[SourceDate "2010.10.01"]

1. e4 e5 2. Nf3 Nc6 3. Bc4 Nf6 4. d3 Bc5 5. O-O O-O 6. Bg5 d6 7. Nc3 Be6 8. Nd5
Bxd5 9. Bxd5 Na5 10. a3 c6 11. Ba2 h6 12. Bd2 Qb6 13. b4 Bxf2+ 14. Kh1 Nb3 15.
Bxb3 g5 16. Qe2 Bg3 17. hxg3 Nh5 18. Kh2 1-0

[Event "ENCI Limburg-open C"]
[Site "Maastricht"]
[Date "2010.05.24"]
[Round "7"]
[White "Bok, Gidius"]
[Black "Hinzen, Jack"]
[Result "1-0"]
[WhiteElo "1682"]
[BlackElo "1489"]
[PlyCount "74"]
[EventDate "2010.05.21"]
[EventType "swiss"]
[EventRounds "7"]
[EventCountry "NED"]
[Source "P.Boonen"]
[SourceDate "2010.10.01"]

1. e4 c5 2. Nf3 Nc6 3. d4 cxd4 4. Nxd4 e6 5. Nc3 Bc5 6. Nb3 Qb6 7. Nxc5 Qxc5 8.
Bd3 Nge7 9. O-O O-O 10. Be3 Qb4 11. a3 Qa5 12. f4 f5 13. Rf3 d5 14. exd5 exd5
15. Bb5 Be6 16. Bc5 Rf7 17. Re3 Nd8 18. b4 Qc7 19. Bxe7 Rxe7 20. Nxd5 Bxd5 21.
Qxd5+ Kh8 22. Rxe7 Qxe7 23. Qxf5 Nf7 24. Qd3 Rd8 25. Qg3 Nh6 26. Re1 Qf6 27.
Kh1 Qd6 28. Qd3 Qc7 29. Qc4 Qd6 30. h3 a6 31. Re8+ Rxe8 32. Bxe8 Qe7 33. Qc8
Ng8 34. Ba4 g6 35. Bb3 Qg7 36. Qxg8+ Qxg8 37. Bxg8 Kxg8 1-0